| 000 | 01705nam a2200217 4500 | ||
|---|---|---|---|
| 001 | 0000000544 | ||
| 005 | 20250329165510.0 | ||
| 008 | 170718s2017 000 0 eng d | ||
| 040 |
_aCO-CtgCURN _bspa _ccoctgcurn |
||
| 082 | 0 |
_aTSO 2017 _bB731 |
|
| 100 | 1 | _aBonfante Bedoya, Danny Jhayra. | |
| 245 | 1 | 0 |
_aImaginarios patriarcales asociados al rol de la maternidad en mujeres gestantes y lactantes de los hogares fami renacer de bienestar familiar, de la ciudad de cartagena / _cDanny Jhayra Bonfante Bedoya; Director: Carolina Leon Nuñez. |
| 260 |
_aCartagena de Indias : _bCorporación Universitaria Rafael Nuñez, _c2017. |
||
| 504 | _aTrabajo de grado (Trabajadora social). Corporación Universitaria Rafael Nuñez. Facultad de Ciencias sociales y humanas. Trabajo social, 2017. | ||
| 520 | _aActualmente, existen una serie de roles socialmente construidos y normalizados por todos y todas, lo cual han generado a traves del transcurrir del tiempo, grandes desigualdades de genero. Segun Islas (2017) ( ) la desigualdad entre el hombre y la mujer es una realidad que tiene diversas incidencias en la vida cotidiana de toda sociedad. Las manifestaciones mas obvias se reflejan en la violencia economica, psicologica, fisica, emocional y sexual que viven todos los dias, en distintas formas e intensidades. | ||
| 650 | 0 |
_aTrabajo social _xTesis y disertaciones academicas. |
|
| 700 | 1 | _aLeon Nuñez, Carolina. | |
| 856 |
_uhttps://unicurn.sharepoint.com/:b:/s/biblioteca/EYfY8DHMMtRMkLLk8wAk2-YBxAIXH7xLGV7Sz9ZvQ-K7BA?e=cTj4Si _zClick aqui para ver el recurso en texto completo |
||
| 942 |
_hTSO 2017 _iB731 _2ddc _cTG |
||
| 999 |
_c5991 _d5991 |
||